El error judicial : (Registro nro. 30184)

Detalles MARC
000 -CABECERA
Longitud fija campo de control 01054nam a2200229 a 4500
003 - • IDENTIFICADOR DELl NÚMERO DE CONTROL
Identificador del número de control CO-ViMGA
008 - • CÓDIGOS DE INFORMACIÓN DE LONGITUD FIJA
Códigos de información de longitud fija 141112s2004 ck r 000 u spa d
020 ## - • NÚMERO INTERNACIONAL NORMALIZADO PARA LIBROS
Número Internacional Normalizado para Libros (ISBN) 8447004139
040 ## - FUENTE DE LA CATALOGACIÓN
Centro catalogador de origen CO-ViMGA
Lengua de catalogación spa
Centro transcriptor CO-ViMGA
082 04 - • NÚMERO DE LA CLASIFICACIÓN DECIMAL DEWEY
Número de clasificación (R) 342.088 H375e
100 1# - • PUNTO DE ACCESO PRINCIPAL-NOMBRE DE PERSONA
Nombre de persona Hernández Martín, Valeriano
245 10 - • TITULO PROPIAMENTE DICHO
Título El error judicial :
Resto del título Procedimiento para su declaración e indemnización
300 ## - • DESCRIPCIÓN FÍSICA
Extensión 385
505 ## - • NOTA DE CONTENIDO CON FORMATO
Nota de contenido con formato Los difíciles orígenes legales de la indemnización por error judicial 31 - - Acciones conexas con el error judicial 55 - - Concepto del error judicial 77 - - Procedimiento para la declaración del error judicial 165 - - Procedimiento ante el ministerio de justicia 281
590 ## - NOTAS LOCALES
Nota local Forma de adquisición : Donación fact. 8853 - - Precio : 93600 - - Proveedor : Fundación exito - - Fecha de adquisición : Junio 2007
650 14 - • PUNTO DE ACCESO ADICIONAL DE MATERIA - TÉRMINO DE MATERIA
Término de materia o nombre geográfico como elemento inicial ADMINISTRACION DE JUSTICIA
650 14 - • PUNTO DE ACCESO ADICIONAL DE MATERIA - TÉRMINO DE MATERIA
Término de materia o nombre geográfico como elemento inicial ERROR JUDICIAL
650 14 - • PUNTO DE ACCESO ADICIONAL DE MATERIA - TÉRMINO DE MATERIA
Término de materia o nombre geográfico como elemento inicial PERSONALIDAD DEL ESTADO (DERECHO)
942 ## - ENTRADA DE ELEMENTOS AGREGADOS (KOHA)
Fuente de clasificaión o esquema Dewey Decimal Classification
Koha [por defecto] tipo de item LIbro
Existencias
Perdido Fuente de clasificación o esquema Estado Físico No para préstamo Forma de adquisición Localización permanente Localización actual Fecha adquisición Serie de enumeración / cronolog&íacute;a Préstamos totales Signatura completa Código de barras Fecha última consulta Número de copia Fecha del precio de reemplazo Tipo de item de Koha
  Dewey Decimal Classification     Sala Especializada Tercer Piso Biblioteca Pública Germán Arciniegas - Villavicencio Biblioteca Pública Germán Arciniegas - Villavicencio 12/04/2015 11/jun/2009   342.088 H375e 21611 12/04/2015 Ej. 1 12/04/2015 LIbro









Instituto Departamental de Cultura del Meta - Red Departamental de Bibliotecas Públicas del Meta.